000 01084nam a22002777a 4500
999 _c118548
_d118548
003 dpl
005 20190115113121.0
008 190115b ||||| |||| 00| 0 eng d
010 _aB-005393
020 _c200.00
_a8185970289
035 _aB-005393, B-005397
037 _bCen Lib/Ret
040 _aDPL
_bHN
_c0
082 _a821
_bझासुशी
100 _aझा, सुशीला
_957762
245 _aवामा बोलती है /
_cसुशीला झा
246 _aVama bolti hai
_bby Sushila Jha
260 _a दिल्ली
_bपरममित्र प्रकाशन
_c1999
270 _aडी -पॉकेट -214, दिलशाद गार्डन
_bदिल्ली
_e110095
300 _a138पृष्ठ.
_c20सेमी(सजिल्द)
650 _aहिंदी साहित्य
_9118039
650 _aकाव्य संग्रह
_9118040
650 _ahindi literature
_9118041
650 _aPoetry Collection
_9118042
942 _2ddc
_cHN
_h821
_mझासुशी